[Event "COL-chT"]
[Site "Medellin"]
[Date "2021.12.10"]
[Round "3.4"]
[White "Padilla, Daniel Eduardo"]
[Black "Rativa Jimenez, Cesar Daniel"]
[Result "1/2-1/2"]
[WhiteElo "1700"]
[BlackElo "1837"]
[PlyCount "109"]
[EventDate "2021.12.09"]
[EventType "team-swiss"]
[EventRounds "6"]
[EventCountry "COL"]
[SourceTitle "CBM 205 Extra"]
[Source "ChessBase"]
[SourceDate "2022.01.31"]
[SourceVersion "1"]
[SourceVersionDate "2022.01.31"]
[SourceQuality "1"]
[WhiteTeam "Atlantico Quintal"]
[BlackTeam "Boyaca II"]
[WhiteTeamCountry "COL"]
[BlackTeamCountry "COL"]

1. d4 d5 2. c4 c6 3. Nf3 Nf6 4. e3 Bf5 5. Nbd2 e6 6. Ne5 Nbd7 7. Be2 Nxe5 8. dxe5 Nd7 9. f4 Nc5 10. 0-0 Ne4 11. Nxe4 Bxe4 12. cxd5 Qxd5 13. Qxd5 exd5 14. Bd2 Be7 15. b4 a6 16. a4 0-0 17. b5 axb5 18. axb5 f6 19. Bc3 fxe5 20. Bxe5 Bf6 21. Rxa8 Rxa8 22. Bxf6 gxf6 23. bxc6 bxc6 24. Rc1 Rc8 25. Kf2 Kf7 26. Bf3 Bxf3 27. Kxf3 f5 28. h3 h5 29. g4 hxg4+ 30. hxg4 fxg4+ 31. Kxg4 Ke6 32. Kf3 c5 33. e4 d4 34. Ke2 c4 35. Kd2 Kd6 36. Rb1 Kc5 37. Rb7 Rh8 38. Rc7+ Kb5 39. e5 Rh2+ 40. Kd1 Rf2 41. e6 Rxf4 42. e7 Re4 43. Ra7 Kb4 44. Kd2 Kc5 45. Rc7+ Kd5 46. Rd7+ Kc5 47. Rc7+ Kb5 48. Rd7 d3 49. Kc3 Re2 50. Rb7+ Kc6 51. Rb2 Kd7 52. Rxe2 dxe2 53. e8Q+ Kxe8 54. Kd2 Kd7 55. Kxe2 1/2-1/2

[Event "COL-chT"]
[Site "Medellin"]
[Date "2021.12.09"]
[Round "1.4"]
[White "Soto, Miguel Angel"]
[Black "Rativa Jimenez, Cesar Daniel"]
[Result "1-0"]
[WhiteElo "2371"]
[BlackElo "1837"]
[PlyCount "76"]
[EventDate "2021.12.09"]
[EventType "team-swiss"]
[EventRounds "6"]
[EventCountry "COL"]
[SourceTitle "CBM 205 Extra"]
[Source "ChessBase"]
[SourceDate "2022.01.31"]
[SourceVersion "1"]
[SourceVersionDate "2022.01.31"]
[SourceQuality "1"]
[WhiteTeam "Liga de Antioquia"]
[BlackTeam "Boyaca II"]
[WhiteTeamCountry "COL"]
[BlackTeamCountry "COL"]

1. d4 d5 2. Nf3 Nf6 3. c4 c6 4. Nc3 a6 5. e3 g6 6. Ne5 Bg7 7. cxd5 Nxd5 8. Bc4 0-0 9. 0-0 Be6 10. Qb3 b5 11. Bxd5 Bxd5 12. Nxd5 Qxd5 13. Nd3 Nd7 14. Bd2 Nb6 15. Qc2 Rfc8 16. Rfd1 a5 17. Nf4 Qd6 18. Rac1 Nd7 19. Qe4 b4 20. a3 c5 21. axb4 cxb4 22. Qb7 Rd8 23. g3 Rab8 24. Qc7 Qxc7 25. Rxc7 e5 26. Nd5 Nb6 27. Ne7+ Kf8 28. Nc6 Rdc8 29. Rxc8+ Rxc8 30. Nxa5 exd4 31. Bxb4+ Kg8 32. exd4 Nd5 33. Bc5 Bf8 34. Kg2 Bxc5 35. Rc1 Rb8 36. Rxc5 Nb4 37. b3 Rd8 38. Rc4 Nd5 1-0

[Event "COL Subzt 2.3.4"]
[Site "Risarald"]
[Date "2021.11.28"]
[Round "9"]
[White "Estrada Velandia, Henry Andres"]
[Black "Rativa Jimenez, Cesar Daniel"]
[Result "1/2-1/2"]
[WhiteElo "2049"]
[BlackElo "1846"]
[PlyCount "36"]
[EventDate "2021.11.23"]
[EventType "swiss"]
[EventRounds "9"]
[EventCountry "COL"]
[SourceTitle "CBM 205 Extra"]
[Source "ChessBase"]
[SourceDate "2022.01.31"]
[SourceVersion "1"]
[SourceVersionDate "2022.01.31"]
[SourceQuality "1"]

1. d4 Nf6 2. c3 d5 3. Bg5 e6 4. e3 Be7 5. Bd3 b6 6. Nd2 Bb7 7. f4 0-0 8. Ngf3 h6 9. Bh4 Ne4 10. Bxe7 Qxe7 11. 0-0 Nd7 12. Ne5 Nxe5 13. fxe5 f5 14. exf6 Rxf6 15. Rxf6 Qxf6 16. Qe2 Nxd2 17. Qxd2 Rf8 18. Rf1 Qe7 1/2-1/2

[Event "COL Subzt 2.3.4"]
[Site "Risarald"]
[Date "2021.11.25"]
[Round "4"]
[White "Rativa Jimenez, Cesar Daniel"]
[Black "Cifuentes Camacho, Miguel Angel"]
[Result "1-0"]
[WhiteElo "1846"]
[BlackElo "1274"]
[PlyCount "73"]
[EventDate "2021.11.23"]
[EventType "swiss"]
[EventRounds "9"]
[EventCountry "COL"]
[SourceTitle "CBM 205 Extra"]
[Source "ChessBase"]
[SourceDate "2022.01.31"]
[SourceVersion "1"]
[SourceVersionDate "2022.01.31"]
[SourceQuality "1"]

1. e4 e5 2. Nf3 Nc6 3. d4 exd4 4. Nxd4 Nxd4 5. Qxd4 Ne7 6. Be3 Nc6 7. Qd2 Bb4 8. c3 Ba5 9. Na3 Qe7 10. Bd3 Ne5 11. Bc2 d6 12. 0-0-0 Be6 13. Kb1 Bb6 14. h3 f6 15. f4 Nc4 16. Nxc4 Bxc4 17. Rhe1 0-0-0 18. Bxb6 axb6 19. Qd4 Qf7 20. b3 Bb5 21. a4 Bc6 22. Kb2 d5 23. e5 fxe5 24. Rxe5 g6 25. f5 Rhe8 26. Rde1 Rxe5 27. Rxe5 gxf5 28. Bxf5+ Kb8 29. g4 h6 30. Re6 h5 31. Qe5 Re8 32. Rxe8+ Qxe8 33. Qxe8+ Bxe8 34. g5 c5 35. g6 Kc7 36. g7 Bf7 37. Bh7 1-0

[Event "COL Subzt 2.3.4"]
[Site "Risarald"]
[Date "2021.11.24"]
[Round "3"]
[White "Lopez, Ricardo Andres"]
[Black "Rativa Jimenez, Cesar Daniel"]
[Result "1/2-1/2"]
[WhiteElo "1483"]
[BlackElo "1846"]
[PlyCount "56"]
[EventDate "2021.11.23"]
[EventType "swiss"]
[EventRounds "9"]
[EventCountry "COL"]
[SourceTitle "CBM 205 Extra"]
[Source "ChessBase"]
[SourceDate "2022.01.31"]
[SourceVersion "1"]
[SourceVersionDate "2022.01.31"]
[SourceQuality "1"]

1. e4 c6 2. d4 d5 3. Nc3 dxe4 4. Nxe4 Bf5 5. Ng3 Bg6 6. h4 h6 7. Nf3 Nd7 8. h5 Bh7 9. Bd3 Bxd3 10. Qxd3 e6 11. Bf4 Qa5+ 12. Bd2 Qc7 13. 0-0-0 Ngf6 14. Rhe1 0-0-0 15. Qe2 Nd5 16. Ne5 Nxe5 17. dxe5 Bc5 18. Ne4 Qb6 19. Nxc5 Qxc5 20. a3 Rhg8 21. f4 g6 22. Rh1 Qd4 23. g3 Qc5 24. hxg6 Rxg6 25. g4 Rdg8 26. g5 hxg5 27. fxg5 R6g7 28. Qd3 Nb6 1/2-1/2

[Event "Ibague op"]
[Site "Ibague"]
[Date "2021.10.23"]
[Round "7"]
[White "Rativa Jimenez, Cesar Daniel"]
[Black "Pardo Sierra, Aurelio"]
[Result "1-0"]
[WhiteElo "1815"]
[BlackElo "2022"]
[PlyCount "57"]
[EventDate "2021.10.20"]
[EventType "swiss"]
[EventRounds "9"]
[EventCountry "COL"]
[SourceTitle "CBM 204 Extra"]
[Source "ChessBase"]
[SourceDate "2021.11.30"]
[SourceVersion "1"]
[SourceVersionDate "2021.11.30"]
[SourceQuality "1"]

1. e4 c6 2. d4 d5 3. Nc3 dxe4 4. Nxe4 Bf5 5. Ng3 Bg6 6. Nf3 Nd7 7. h4 h6 8. h5 Bh7 9. Bd3 Bxd3 10. Qxd3 e6 11. Bf4 Ngf6 12. 0-0-0 a5 13. Ne4 Nxe4 14. Qxe4 Nf6 15. Qe2 a4 16. Be5 a3 17. b3 Qa5 18. Bxf6 Qc3 19. Be5 f6 20. Qc4 Qxc4 21. bxc4 fxe5 22. Nxe5 Bb4 23. Ng6 Rg8 24. Rh3 b6 25. Rb3 Ra4 26. c3 Ba5 27. c5 b5 28. Ne5 Kd8 29. Nxc6+ 1-0

[Event "COL-ch Amateurs U2000"]
[Site "Bogota"]
[Date "2021.06.27"]
[Round "7"]
[White "Rativa Jimenez, Cesar Daniel"]
[Black "Paladines Pinzon, Samuel"]
[Result "1-0"]
[WhiteElo "1816"]
[BlackElo "1272"]
[PlyCount "53"]
[EventDate "2021.06.23"]
[EventType "swiss"]
[EventRounds "7"]
[EventCountry "COL"]
[SourceTitle "CBM 203 Extra"]
[Source "ChessBase"]
[SourceDate "2021.09.30"]
[SourceVersion "1"]
[SourceVersionDate "2021.09.30"]
[SourceQuality "1"]

1. e4 c5 2. c3 d5 3. exd5 Qxd5 4. d4 Nf6 5. Nf3 Bg4 6. Be2 Nc6 7. h3 Bh5 8. c4 Qd7 9. d5 Nd8 10. Ne5 Bxe2 11. Qxe2 Qc8 12. 0-0 e6 13. Rd1 h6 14. d6 Nd7 15. Nc3 a6 16. Nd5 Bxd6 17. Nxd7 Qxd7 18. Nb6 Qc6 19. Nxa8 Ke7 20. Qf3 Qc8 21. Nb6 Qc7 22. Na4 Nc6 23. Be3 Ne5 24. Qe2 b6 25. Bf4 Nf3+ 26. Qxf3 Bxf4 27. Rd3 1-0

[Event "COL-ch Amateurs U2000"]
[Site "Bogota"]
[Date "2021.06.26"]
[Round "6"]
[White "Hernandez Bermudez, Manuela"]
[Black "Rativa Jimenez, Cesar Daniel"]
[Result "1/2-1/2"]
[WhiteElo "1923"]
[BlackElo "1816"]
[PlyCount "94"]
[EventDate "2021.06.23"]
[EventType "swiss"]
[EventRounds "7"]
[EventCountry "COL"]
[SourceTitle "CBM 203 Extra"]
[Source "ChessBase"]
[SourceDate "2021.09.30"]
[SourceVersion "1"]
[SourceVersionDate "2021.09.30"]
[SourceQuality "1"]

1. e4 e5 2. Nf3 Nf6 3. Nxe5 d6 4. Nf3 Nxe4 5. d4 d5 6. Bd3 Bd6 7. 0-0 0-0 8. c4 c6 9. Nc3 Nxc3 10. bxc3 h6 11. Rb1 Nd7 12. Re1 Nf6 13. Ne5 Bxe5 14. dxe5 dxc4 15. Bxc4 Qxd1 16. Rxd1 Ne4 17. Bb2 Re8 18. f3 Nc5 19. Re1 Bf5 20. Rbd1 b5 21. Bf1 Rad8 22. Ba3 Nd3 23. Re3 Nf4 24. Rd6 Rxd6 25. Bxd6 Nd5 26. Re1 Nb6 27. Bc5 Be6 28. f4 Rd8 29. Bd4 Rd7 30. a3 g6 31. Kf2 Na4 32. Rc1 Nb6 33. Be2 Bc4 34. Bf3 Bd5 35. Bg4 Be6 36. Be2 Bc4 37. Bxb6 Bxe2 38. Bc5 Bc4 39. Bd6 f6 40. Ke3 fxe5 41. fxe5 Kf7 42. Rc2 Ke6 43. Rf2 Rf7 44. Rxf7 Kxf7 45. h4 Ke6 46. Kf4 h5 47. g4 hxg4 1/2-1/2

[Event "COL-ch U20"]
[Site "Duitama"]
[Date "2021.03.19"]
[Round "2"]
[White "Lopez Ramirez, David Santiago"]
[Black "Rativa Jimenez, Cesar Daniel"]
[Result "1-0"]
[WhiteElo "1996"]
[BlackElo "1870"]
[PlyCount "77"]
[EventDate "2021.03.18"]
[EventType "swiss"]
[EventRounds "7"]
[EventCountry "COL"]
[SourceTitle "EXT 2022"]
[Source "ChessBase"]
[SourceDate "2021.10.06"]
[SourceVersion "1"]
[SourceVersionDate "2021.10.06"]
[SourceQuality "1"]

1. e4 e5 2. Nf3 Nc6 3. Bb5 Nf6 4. d3 d6 5. c3 Be7 6. Nbd2 0-0 7. 0-0 h6 8. Re1 Nh7 9. d4 Bf6 10. Bxc6 bxc6 11. dxe5 dxe5 12. Qa4 Bd7 13. Qa5 Qe7 14. Nc4 Rfe8 15. Qxc7 Nf8 16. Be3 Rec8 17. Qa5 Ng6 18. Rad1 Bg4 19. Ncd2 Nf4 20. Bxf4 exf4 21. h3 Be6 22. Nb3 Rcb8 23. e5 Bg5 24. Nfd4 Bd7 25. Qc7 Be8 26. Qd6 Qb7 27. e6 fxe6 28. Nxe6 Bf7 29. Nxg5 hxg5 30. Re7 Qb5 31. Qc7 Rf8 32. Rdd7 Qf5 33. Nd4 Qg6 34. Ne6 Qb1+ 35. Kh2 Rac8 36. Qe5 Qg6 37. Nxf8 Rxf8 38. Rxf7 Rxf7 39. Qe8+ 1-0

[Event "COL-ch U20"]
[Site "Duitama"]
[Date "2021.03.18"]
[Round "1"]
[White "Rativa Jimenez, Cesar Daniel"]
[Black "Mora Munoz, Alejandro"]
[Result "0-1"]
[WhiteElo "1870"]
[BlackElo "1566"]
[PlyCount "96"]
[EventDate "2021.03.18"]
[EventType "swiss"]
[EventRounds "7"]
[EventCountry "COL"]
[SourceTitle "EXT 2022"]
[Source "ChessBase"]
[SourceDate "2021.10.06"]
[SourceVersion "1"]
[SourceVersionDate "2021.10.06"]
[SourceQuality "1"]

1. e4 c5 2. Nf3 d6 3. c3 Nf6 4. d3 g6 5. g3 Bg7 6. Bg2 Nc6 7. 0-0 0-0 8. h3 Rb8 9. Be3 b5 10. Nbd2 b4 11. c4 Nd7 12. Rb1 Nd4 13. Nh2 Ne5 14. Bxd4 cxd4 15. Ndf3 Nd7 16. g4 Nc5 17. Qe2 e5 18. Nd2 Ne6 19. Rfc1 Bh6 20. Rc2 Bxd2 21. Qxd2 b3 22. axb3 Rxb3 23. Nf3 Nc5 24. Ne1 Qb6 25. Ra1 a6 26. Bf1 Kg7 27. Ra2 Bd7 28. g5 f5 29. f3 fxe4 30. fxe4 Nxe4 31. dxe4 d3+ 32. c5 dxc5 33. Rc4 Bb5 34. Bxd3 Rd8 35. Rc3 Rxc3 36. Qxc3 c4+ 37. Kg2 cxd3 38. b4 Qd4 39. Qxd4 Rxd4 40. Rd2 Rxe4 41. Kf2 Rxb4 42. Ke3 Rh4 43. Rh2 Rb4 44. Nf3 e4 45. Nd4 Rb1 46. Nxb5 Rxb5 47. Kxe4 Rxg5 48. Kxd3 Rb5 0-1

[Event "Bogota Navidad op"]
[Site "Bogota"]
[Date "2019.12.06"]
[Round "2"]
[White "Rativa Jimenez, Cesar Daniel"]
[Black "Suarez, Nelson Ricardo"]
[Result "1/2-1/2"]
[WhiteElo "1906"]
[BlackElo "1575"]
[PlyCount "21"]
[EventDate "2019.12.05"]
[EventType "swiss"]
[EventRounds "7"]
[EventCountry "COL"]
[SourceTitle "CBM 193 Extra"]
[Source "ChessBase"]
[SourceDate "2020.01.31"]
[SourceVersion "1"]
[SourceVersionDate "2020.01.31"]
[SourceQuality "1"]

1. e4 e5 2. Nf3 Nc6 3. d4 exd4 4. Nxd4 Bc5 5. Be3 Bb6 6. Bc4 d6 7. 0-0 Qe7 8. Nc3 Nf6 9. Nd5 Nxd5 10. exd5 Ne5 11. Bb5+ 1/2-1/2

[Event "Bogota Navidad op"]
[Site "Bogota"]
[Date "2019.12.05"]
[Round "1"]
[White "Rueda Rojas, Richard Alejandro"]
[Black "Rativa Jimenez, Cesar Daniel"]
[Result "0-1"]
[WhiteElo "1444"]
[BlackElo "1906"]
[PlyCount "38"]
[EventDate "2019.12.05"]
[EventType "swiss"]
[EventRounds "7"]
[EventCountry "COL"]
[SourceTitle "CBM 193 Extra"]
[Source "ChessBase"]
[SourceDate "2020.01.31"]
[SourceVersion "1"]
[SourceVersionDate "2020.01.31"]
[SourceQuality "1"]

1. e4 c6 2. d4 d5 3. Nc3 dxe4 4. Nxe4 Bf5 5. Nc3 Nf6 6. Bf4 e6 7. a3 Nbd7 8. Nf3 Be7 9. Be2 0-0 10. 0-0 h6 11. Qd2 Nh7 12. Rad1 g5 13. Bg3 b5 14. b4 a5 15. bxa5 Rxa5 16. Ra1 Rxa3 17. Rxa3 Bxa3 18. Ra1 Qe7 19. Qe3 Bxc2 0-1

[Event "Uniagraria AlphaZero op 2nd"]
[Site "Uniagraria"]
[Date "2019.11.10"]
[Round "4"]
[White "Rativa Jimenez, Cesar Daniel"]
[Black "Bejarano, Alba Ligia"]
[Result "1-0"]
[WhiteElo "1921"]
[BlackElo "1543"]
[PlyCount "41"]
[EventDate "2019.11.08"]
[EventType "swiss"]
[EventRounds "7"]
[EventCountry "COL"]
[SourceTitle "CBM 193 Extra"]
[Source "ChessBase"]
[SourceDate "2020.01.31"]
[SourceVersion "1"]
[SourceVersionDate "2020.01.31"]
[SourceQuality "1"]

1. e4 e5 2. Nf3 Nc6 3. d4 d6 4. dxe5 dxe5 5. Qxd8+ Kxd8 6. Nc3 a6 7. Be3 Bd6 8. 0-0-0 Be6 9. Ng5 Kd7 10. Nxe6 fxe6 11. g3 Rd8 12. Bh3 Re8 13. f4 Nf6 14. Rhf1 Kc8 15. f5 exf5 16. Bxf5+ Kb8 17. Nd5 h6 18. Nxf6 gxf6 19. Bd7 Ref8 20. Bxc6 bxc6 21. Rf5 1-0

[Event "Uniagraria AlphaZero op 2nd"]
[Site "Uniagraria"]
[Date "2019.11.09"]
[Round "2"]
[White "Rativa Jimenez, Cesar Daniel"]
[Black "Becerra, Juan David"]
[Result "0-1"]
[WhiteElo "1921"]
[BlackElo "2346"]
[PlyCount "84"]
[EventDate "2019.11.08"]
[EventType "swiss"]
[EventRounds "7"]
[EventCountry "COL"]
[SourceTitle "CBM 193 Extra"]
[Source "ChessBase"]
[SourceDate "2020.01.31"]
[SourceVersion "1"]
[SourceVersionDate "2020.01.31"]
[SourceQuality "1"]

1. e4 c5 2. Nf3 d6 3. d4 cxd4 4. Nxd4 Nf6 5. Nc3 g6 6. Be3 Bg7 7. Qd2 a6 8. f3 b5 9. Be2 Bb7 10. Rc1 0-0 11. 0-0 Nbd7 12. Nd1 d5 13. exd5 Nxd5 14. Bf2 e5 15. Nb3 Nf4 16. Be3 Nd5 17. c4 Nxe3 18. Qxe3 b4 19. Nc5 Nxc5 20. Qxc5 a5 21. Nf2 Qd2 22. Bd3 Qxb2 23. Rc2 Qd4 24. Qxd4 exd4 25. Ne4 Bc6 26. Rb1 Rfe8 27. c5 Kf8 28. a3 f5 29. Nf2 bxa3 30. Ra2 Rab8 31. Rxb8 Rxb8 32. Rxa3 a4 33. Nd1 Bh6 34. Kf1 Bd2 35. Bc2 Bb4 36. Rxa4 Bxa4 37. Bxa4 Bxc5 38. Ke2 Ra8 39. Bc2 Ra3 40. Nf2 Re3+ 41. Kd1 Bb4 42. Nd3 Bc3 0-1

[Event "Gachantiva op 9th"]
[Site "Gachantiva"]
[Date "2019.06.24"]
[Round "6"]
[White "Narvaez Ramirez, Faber Alberto"]
[Black "Rativa Jimenez, Cesar Daniel"]
[Result "1-0"]
[WhiteElo "2105"]
[BlackElo "1815"]
[PlyCount "47"]
[EventDate "2019.06.21"]
[EventType "swiss"]
[EventRounds "7"]
[EventCountry "COL"]
[SourceTitle "CBM 191 Extra"]
[Source "ChessBase"]
[SourceDate "2019.09.30"]
[SourceVersion "1"]
[SourceVersionDate "2019.09.30"]
[SourceQuality "1"]

1. e4 e5 2. Nf3 Nc6 3. d4 exd4 4. Nxd4 Qf6 5. Be3 Bc5 6. Nb5 Bxe3 7. fxe3 Qh4+ 8. g3 Qxe4 9. Nxc7+ Kd8 10. Nxa8 Qxh1 11. Qd6 Nf6 12. Nd2 Qd5 13. Qc7+ Ke7 14. 0-0-0 Qe5 15. Nc4 Qxc7 16. Nxc7 Rd8 17. Nd6 Ne5 18. h3 a6 19. Be2 h5 20. c4 g6 21. c5 Nc6 22. a3 Rh8 23. b4 Nd8 24. Nxc8+ 1-0

[Event "Gachantiva op 9th"]
[Site "Gachantiva"]
[Date "2019.06.23"]
[Round "4"]
[White "Valle, Efrain"]
[Black "Rativa Jimenez, Cesar Daniel"]
[Result "1-0"]
[WhiteElo "2059"]
[BlackElo "1815"]
[PlyCount "50"]
[EventDate "2019.06.21"]
[EventType "swiss"]
[EventRounds "7"]
[EventCountry "COL"]
[SourceTitle "CBM 191 Extra"]
[Source "ChessBase"]
[SourceDate "2019.09.30"]
[SourceVersion "1"]
[SourceVersionDate "2019.09.30"]
[SourceQuality "1"]

1. c4 e5 2. Nc3 Nf6 3. g3 Bc5 4. Bg2 0-0 5. e3 Re8 6. Nge2 Nc6 7. d3 d6 8. 0-0 Bb4 9. a3 Bxc3 10. Nxc3 Be6 11. Nd5 Bxd5 12. cxd5 Ne7 13. e4 c6 14. dxc6 Nxc6 15. Be3 Qd7 16. h3 d5 17. Qa4 d4 18. Bg5 Qe6 19. Rac1 Rac8 20. Qb5 Re7 21. f4 Rec7 22. Bxf6 Qxf6 23. Rc5 Qe7 24. Rfc1 f6 25. b4 Qf7 1-0

[Event "COL-ch sf3 U18"]
[Site "Bogota"]
[Date "2019.06.08"]
[Round "5.6"]
[White "Cabiativa, Juan Esteban"]
[Black "Rativa Jimenez, Cesar Daniel"]
[Result "1/2-1/2"]
[WhiteElo "1514"]
[BlackElo "1815"]
[PlyCount "64"]
[EventDate "2019.06.06"]
[EventType "swiss"]
[EventRounds "6"]
[EventCountry "COL"]
[SourceTitle "EXT 2024"]
[Source "ChessBase"]
[SourceDate "2023.10.10"]
[SourceVersion "1"]
[SourceVersionDate "2023.10.10"]
[SourceQuality "1"]

1. Nf3 d5 2. b3 c5 3. Bb2 Nc6 4. e3 Nf6 5. d4 e6 6. c4 dxc4 7. Bxc4 cxd4 8. Nxd4 Bb4+ 9. Nc3 Nxd4 10. exd4 0-0 11. 0-0 Re8 12. a3 Bd6 13. d5 Be5 14. dxe6 Bxe6 15. Bxe6 Rxe6 16. Qxd8+ Rxd8 17. Rad1 Rc8 18. Na4 Bxb2 19. Nxb2 Rc2 20. Nc4 Ree2 21. Nd6 Re7 22. Nc4 a6 23. Ne3 Ra2 24. a4 Rb2 25. Rd3 g6 26. h3 Rc7 27. Ng4 Nxg4 28. hxg4 Rcc2 29. Rf3 Rc7 30. Rd1 Rbc2 31. Rdd3 Re2 32. Kh2 Re4 1/2-1/2

[Event "COL-ch sf3 U18"]
[Site "Bogota"]
[Date "2019.06.08"]
[Round "4.9"]
[White "Rativa Jimenez, Cesar Daniel"]
[Black "Orozco Giraldo, Jhon Edison"]
[Result "1-0"]
[WhiteElo "1815"]
[BlackElo "1627"]
[PlyCount "57"]
[EventDate "2019.06.06"]
[EventType "swiss"]
[EventRounds "6"]
[EventCountry "COL"]
[SourceTitle "EXT 2024"]
[Source "ChessBase"]
[SourceDate "2023.10.10"]
[SourceVersion "1"]
[SourceVersionDate "2023.10.10"]
[SourceQuality "1"]

1. d4 Nf6 2. Nc3 g6 3. Bg5 Bg7 4. e4 d6 5. Qd2 0-0 6. 0-0-0 Nbd7 7. f3 c5 8. e5 cxd4 9. Qxd4 Nxe5 10. h4 Nh5 11. Qf2 Nf6 12. g4 h5 13. Bxf6 Bxf6 14. gxh5 Kg7 15. hxg6 fxg6 16. h5 Rh8 17. Be2 Qb6 18. Qg2 Qe3+ 19. Kb1 Be6 20. f4 Qxf4 21. Nh3 Qb4 22. a3 Qb6 23. Nf4 Bf5 24. Nfd5 Qb3 25. Bd3 Bxd3 26. Rxd3 Qc4 27. Nxf6 Kxf6 28. Nd5+ Ke6 29. Re1 1-0

[Event "COL-ch sf3 U18"]
[Site "Bogota"]
[Date "2019.06.07"]
[Round "3.5"]
[White "Corredor Castellanos, Camilo"]
[Black "Rativa Jimenez, Cesar Daniel"]
[Result "1/2-1/2"]
[WhiteElo "2004"]
[BlackElo "1815"]
[PlyCount "41"]
[EventDate "2019.06.06"]
[EventType "swiss"]
[EventRounds "6"]
[EventCountry "COL"]
[SourceTitle "EXT 2024"]
[Source "ChessBase"]
[SourceDate "2023.10.10"]
[SourceVersion "1"]
[SourceVersionDate "2023.10.10"]
[SourceQuality "1"]

1. d4 d5 2. c4 dxc4 3. e3 e5 4. Bxc4 exd4 5. exd4 Nf6 6. Nc3 Bd6 7. Bg5 Bf5 8. Nge2 Nbd7 9. Qd2 Nb6 10. Bb3 c6 11. Qe3+ Qe7 12. Bxf6 gxf6 13. 0-0 Rg8 14. Rac1 Be6 15. Rfd1 Bxb3 16. axb3 Kf8 17. Qxe7+ Bxe7 18. Ra1 Rg6 19. d5 cxd5 20. Nxd5 Nxd5 21. Rxd5 1/2-1/2

[Event "Tunja Boyacense op"]
[Site "Tunja"]
[Date "2018.12.14"]
[Round "3"]
[White "Guerrero Borda, Diego Hernando"]
[Black "Rativa Jimenez, Cesar Daniel"]
[Result "0-1"]
[WhiteElo "1492"]
[BlackElo "1729"]
[PlyCount "34"]
[EventDate "2018.12.13"]
[EventType "swiss"]
[EventRounds "7"]
[EventCountry "COL"]
[SourceTitle "CBM 187 Extra"]
[Source "ChessBase"]
[SourceDate "2018.11.04"]
[SourceVersion "1"]
[SourceVersionDate "2018.11.04"]
[SourceQuality "1"]

1. e4 e5 2. Nf3 Nc6 3. Nc3 Bc5 4. Bc4 Nf6 5. Ng5 0-0 6. Nxf7 Rxf7 7. Bxf7+ Kxf7 8. a3 a5 9. 0-0 d6 10. Re1 Be6 11. d3 Qd7 12. Be3 Bxe3 13. Rxe3 g5 14. Nb5 Nd4 15. Nxd4 exd4 16. Rg3 Rg8 17. Qd2 h6 0-1

[Event "Bogota Mayores Alcaldia op 8th"]
[Site "Bogota"]
[Date "2018.06.11"]
[Round "7"]
[White "Rativa Jimenez, Cesar Daniel"]
[Black "Gaona Ballesteros, Esteban Andres"]
[Result "1-0"]
[WhiteElo "1729"]
[BlackElo "1422"]
[PlyCount "78"]
[EventDate "2018.06.08"]
[EventType "swiss"]
[EventRounds "7"]
[EventCountry "COL"]
[SourceTitle "CBM 184 Extra"]
[Source "ChessBase"]
[SourceDate "2018.06.28"]
[SourceVersion "1"]
[SourceVersionDate "2018.06.28"]
[SourceQuality "1"]

1. e4 c5 2. c3 d6 3. d4 cxd4 4. cxd4 Nf6 5. Bd3 g6 6. h3 Bg7 7. Nf3 a6 8. Nc3 0-0 9. Be3 e5 10. dxe5 dxe5 11. 0-0 Nc6 12. a3 Be6 13. Qd2 Qc7 14. Bh6 Rfd8 15. Bxg7 Kxg7 16. Rfd1 Rd7 17. b4 Rad8 18. Qe2 Nd4 19. Nxd4 Qxc3 20. Nxe6+ fxe6 21. Qc2 Qxc2 22. Bxc2 Rxd1+ 23. Rxd1 Rxd1+ 24. Bxd1 Nxe4 25. Bf3 Nd6 26. Kf1 b6 27. Bc6 a5 28. bxa5 bxa5 29. Ke2 Kf6 30. Kd3 Kf5 31. Kc3 e4 32. Kd4 e5+ 33. Kd5 Nf7 34. Kc5 Kf4 35. Bd5 Nh6 36. Kb5 e3 37. g3+ Kf5 38. fxe3 Ng4 39. hxg4+ Kxg4 1-0

[Event "COL-ch sf 2nd"]
[Site "Tunja"]
[Date "2018.04.19"]
[Round "5"]
[White "Otalora Pacheco, Carlos Eduardo"]
[Black "Rativa Jimenez, Cesar Daniel"]
[Result "1-0"]
[WhiteElo "2141"]
[BlackElo "1703"]
[PlyCount "91"]
[EventDate "2018.04.17"]
[EventType "swiss"]
[EventRounds "10"]
[EventCountry "COL"]
[SourceTitle "CBM 184 Extra"]
[Source "ChessBase"]
[SourceDate "2018.06.28"]
[SourceVersion "1"]
[SourceVersionDate "2018.06.28"]
[SourceQuality "1"]

1. d4 d5 2. c4 e6 3. Nf3 Be7 4. g3 Nf6 5. Bg2 c5 6. cxd5 exd5 7. Nc3 0-0 8. 0-0 Nc6 9. Bg5 Be6 10. dxc5 Bxc5 11. Rc1 Be7 12. Nd4 h6 13. Bxf6 Bxf6 14. Nxc6 bxc6 15. Na4 Rc8 16. Qc2 Qd6 17. Rfd1 Rfe8 18. Rd2 Qb4 19. a3 Qb5 20. Bf1 d4 21. Nc5 Qb8 22. b4 Qe5 23. Rcd1 Qh5 24. Ne4 Be7 25. Nc5 Bf6 26. Bg2 Bd5 27. Bxd5 cxd5 28. Qd3 Re7 29. Kg2 Rce8 30. Qf3 Qg6 31. Re1 Qg5 32. Rd3 Qe5 33. h4 Rc7 34. Rd2 Be7 35. Nd3 Qd6 36. Nf4 Rc3 37. Rd3 Rxd3 38. exd3 Rd8 39. Rc1 a5 40. Rc5 axb4 41. axb4 Qb8 42. Rxd5 Rxd5 43. Qxd5 Qxb4 44. Qa8+ Kh7 45. Qe4+ Kg8 46. Nd5 1-0